Les alliages précieux ou non - Statistiques

Statistiques générales
  • Ce quiz a été pris 59 fois
  • Le résultat moyen est 6 sur 16
Statistiques - réponses
Composants Initiales Alliage % Correct
Fer + Carbone (-2% de la masse) A Acier
83%
Cuivre + Etain B Bronze
75%
Cuivre + Zinc L Laiton
58%
Fer + Carbone (+2% de la masse) F Fonte
42%
Or + Cuivre OR Or rouge
38%
Or + Palladium (ou argent) OB Or blanc
37%
Or + Fer + Nickel OB Or bleu
37%
Fer + Carbone + Nickel + Chrome AI Acier inoxydable
35%
Or + Fer + Cuivre OG Or gris
31%
Or + Argent OV Or vert
31%
Or + Aluminium OV Or violet
31%
Or + Cuivre + Argent OR Or rose
29%
Etain + Plomb + Antimoine R Règule
12%
Cuivre + Argent B Billon
10%
Cuivre + Zinc + Nickel M Maillechort
10%
Zinc + Aluminium + Magnésium + Cuivre Z Zamak
10%
Aucun quiz correspondant
Distribution des résultats
% des personnes avec chaque résultat
Percentile par nombre de réponses
Votre historique - résultats
Vous n’avez pas pris ce quiz